00309nam a2200121Ia 4500003000400000005001700004008004100021020001800062040002700080100001500107245003200122260003300154OSt20240312092556.0170523s9999 xx 000 0 und d a9788194862482 cIIMT UNIVERSITY MEERUT aSharma- N. 0aApplied Mathematics (Hindi) aNav Bharat Prakashan- Meerut